Theory & performance of electrical machines
| Main Author: | |
|---|---|
| Format: | Book |
| Published: |
New Delhi :
S.K. Kataria & Sons ,
2014
|
| Subjects: |
MARC
| LEADER | 00000cam a2200000 7i4500 | ||
|---|---|---|---|
| 001 | 0000044196 | ||
| 005 | 20141217.0 | ||
| 008 | 141217 | ||
| 020 | |a 8185749159 | ||
| 090 | 0 | 0 | |a 621.31042 |b GUP |
| 100 | 1 | |a Gupta, J. B | |
| 245 | 1 | 0 | |a Theory & performance of electrical machines |c J. B. Gupta |
| 260 | |a New Delhi : |b S.K. Kataria & Sons , |c 2014 | ||
| 650 | 0 | |a Electric machinery | |
| 999 | |a 0001324011 |b Book |c Adult Collection |e Perbadanan Perpustakaan Awam Johor | ||